Перечень нормативных документов по строительству, действующих на территории Российской Федерации

Detalles Bibliográficos
Autor Corporativo: Российская Федерация Министерство строительства (Минстрой России)
Sumario:Утвержден приказом Минстроя России от 4 июня 1992 г. №135
Lenguaje:ruso
Publicado: Москва, ЦИТП, 1992
Edición:официальное изд.
Materias:
Formato: MixedMaterials Libro
KOHA link:https://koha.lib.tpu.ru/cgi-bin/koha/opac-detail.pl?biblionumber=161717

MARC

LEADER 00000nam0a2200000 4500
001 161717
005 20231031160011.0
035 |a (RuTPU)RU\TPU\book\175364 
090 |a 161717 
100 |a 20090611d1992 m y0rusy50 ca 
101 0 |a rus 
102 |a RU 
105 |a y z 000zy 
200 1 |a Перечень нормативных документов по строительству, действующих на территории Российской Федерации  |f Российская Федерация, Министерство строительства (Минстрой России) 
205 |a официальное изд. 
210 |a Москва  |c ЦИТП  |d 1992 
215 |a 160 с. 
300 |a Утвержден приказом Минстроя России от 4 июня 1992 г. №135 
610 1 |a перечень 
610 1 |a нормативные документы 
610 1 |a строительство 
610 1 |a стандарты 
610 1 |a Российская Федерация 
675 |a 69:658.53  |v 3 
712 0 1 |a Российская Федерация  |b Министерство строительства (Минстрой России)  |c (1994-1997)  |2 stltpush  |3 (RuTPU)RU\TPU\col\12602 
801 1 |a RU  |b 63413507  |c 20090611  |g PSBO 
801 2 |a RU  |b 63413507  |c 20090803  |g PSBO 
942 |c BK